header

Russia, freaks and foreigners (Record no. 39747)

MARC details
000 -LEADER
fixed length control field 01014nam a2200265Ia 4500
100 1# - MAIN ENTRY--AUTHOR NAME
Personal name MacDonald, James.
245 10 - TITLE STATEMENT
Title Russia, freaks and foreigners
260 ## - PUBLICATION, DISTRIBUTION, ETC. (IMPRINT)
Place of publication Bristol, UK ;
-- Chicago :
Name of publisher Intellect,
Year of publication 2008.
300 ## - PHYSICAL DESCRIPTION
Number of Pages 218 p.
650 #0 - SUBJECT ADDED ENTRY--TOPICAL TERM
Topical Term Russian drama.
Topical Term Russian literature.
856 40 - ELECTRONIC LOCATION AND ACCESS
Uniform Resource Identifier http://site.ebrary.com/lib/rucke/Doc?id=10231486

No items available.

© 2026 Rongo University
Contact us: librarian | system librarian | Rongo university